000 00393nam a2200169Ia 4500
001 15476
005 20260306170159.0
008 260306t9999||||xx |||||||||||||| ||und||
041 _aESP
082 _a540.73
_bG73
100 _aGoñi Galarza, Juan
_eAUT
245 0 _aQuímica general
300 _a375 páginas :
_c21 cm.
650 _aGEN
654 _aCCN
942 _cLIB
_dJUS
_fJUS
_2ddc
_n
999 _c15476
_d15476